| 000 | 00319 a2200133 4500 | ||
|---|---|---|---|
| 001 | 90434 | ||
| 082 | _a891.4393 RAT | ||
| 090 |
_c42755 _d42755 |
||
| 100 | _aRahat Wafa | ||
| 245 |
_aGurrya _cRahat Wafa _hUrdu |
||
| 260 |
_aLahore _bAl Quresh Publications _c2013 |
||
| 300 | _a544p. | ||
| 500 | _aGeneral Collection | ||
| 942 |
_aCAE NUST _k891.4393 RAT |
||
| 999 |
_c325507 _d325507 |
||